Movies Quiz

Random Movies or Actress Quiz

Movie Life After Death Quiz Stats

Quiz Updated Dec 13, 2016

Challenge
Share
Tweet
Score 0/25 Timer 10:00
2 Plays Today
Column % Correct
Column 4Heath Ledger 'The Dark Knight'
90.9%
Column 1Bruce Lee 'Enter the Dragon'
90%
Column 2James Dean 'Giant'
80.6%
Column 1Whitney Houston 'Sparkle'
72.8%
Column 2Tupac Shakur 'Gridlock'd'
72.7%
Column 5John Candy 'Canadian Bacon'
62%
Column 1John Ritter 'Bad Santa'
60.4%
Column 5Bernie Mac 'Soul Man'
59.9%
Column 1Chris Farley 'Almost Heroes'
59%
Column 2Clark Gable 'The Misfits'
42.4%
Column 3Jessica Tandy 'Nobody's Fool'
35.9%
Column 4River Phoenix 'Dark Blood'*
35.4%
Column 3Richard Harris 'Harry Potter and the Chamber of Secrets'
35.3%
Column % Correct
Column 3Aaliyah 'Queen of the Damned'
35.1%
Column 2Raul Julia 'Street Fighter'
33.8%
Column 3David Niven 'Curse of the Pink Panther'
30.2%
Column 5Spencer Tracy 'Guess Who's Coming To Dinner'
28.5%
Column 4Natalie Wood 'Brainstorm'
27.1%
Column 4Rudolph Valentino 'The Son of the Sheik'
23%
Column 2Richard Burton '1984'
16.8%
Column 1Marty Feldman 'Slapstick (of Another Kind)'
16%
Column 3Peter Sellers 'The Fiendish Plot of Dr. Fu Manchu'
13.7%
Column 5Don Ameche 'Corrina, Corrina'
13.4%
Column 5Jill Clayburgh 'Love and Other Drugs'
11.1%
Column 4Jean Harlow 'Saratoga'
10.9%

You're not logged in!

Compare scores with friends on all Sporcle quizzes.
Join for Free
OR
Log In

You Might Also Like...

Show Comments

Extras

Top Quizzes Today


Score Distribution

Your Account Isn't Verified!

In order to create a playlist on Sporcle, you need to verify the email address you used during registration. Go to your Sporcle Settings to finish the process.

Report this User

Report this user for behavior that violates our Community Guidelines.

Details: